[Event "European Blitz Championship 2021"]
[Site "Katowice"]
[Date "2021.12.17"]
[Round "4.2"]
[White "Gdanski, Jacek"]
[Black "Malicka, Maria"]
[Result "1-0"]
[WhiteElo "2367"]
[BlackElo "2307"]
[Annotator "ChessBase"]
[PlyCount "75"]
[EventDate "2021.12.17"]
[EventType "swiss"]
[EventCountry "POL"]
[SourceTitle "playchess.com"]
[Source "ChessBase"]
[SourceQuality "1"]

1. e4 c5 2. Nc3 a6 3. g3 b5 4. Bg2 Bb7 5. Nge2 e6 6. d4 b4 7. Na4 cxd4 8. Nxd4
Nc6 9. O-O Nf6 10. e5 Nd5 11. Bxd5 exd5 12. Re1 Nxd4 13. Qxd4 Rc8 14. Be3 Be7
15. Qg4 Kf8 16. Nb6 Rc7 17. Rad1 h5 18. Qe2 h4 19. Nxd5 Bxd5 20. Rxd5 hxg3 21.
fxg3 Qa8 22. Rd2 Qc6 23. Rf1 Qe6 24. Qf3 g6 25. Rdf2 Rh7 26. Qa8+ Kg7 27. Rxf7+
Qxf7 28. Rxf7+ Kxf7 29. Qd5+ Kg7 30. Bd4 Kh6 31. e6 Bg5 32. h4 Bc1 33. Be5 Be3+
34. Kh1 dxe6 35. Qe4 Bc1 36. Bxc7 Rxc7 37. Qe5 Rxc2 38. Qh8# 1-0

[Event "European Blitz Championship 2021"]
[Site "Katowice"]
[Date "2021.12.17"]
[Round "4.2"]
[White "Dwilewicz, Katarzyna"]
[Black "Balog, Imre"]
[Result "0-1"]
[WhiteElo "2111"]
[BlackElo "2573"]
[Annotator "RC"]
[PlyCount "164"]
[EventDate "2021.12.17"]
[EventType "swiss"]
[EventCountry "POL"]
[SourceTitle "playchess.com"]
[Source "ChessBase"]
[SourceQuality "1"]

1. e4 e6 2. d4 d5 3. Nd2 dxe4 4. Nxe4 Nd7 5. Nf3 Ngf6 6. Nxf6+ Nxf6 7. Bd3 b6
8. Qe2 Bb7 9. Bg5 Be7 10. O-O-O O-O 11. h4 Bxf3 12. Qxf3 Qd5 13. Qxd5 Nxd5 14.
Bxe7 Nxe7 15. c3 Rad8 16. g3 Nd5 17. Bc4 Nf6 18. Rhe1 Rd6 19. Rd2 Rfd8 20. Ree2
Kf8 21. Bb3 h6 22. Rd1 Nd7 23. Red2 Ke7 24. Re2 Nf6 25. Rdd2 Ke8 26. Ba4+ Kf8
27. Bb3 a5 28. a4 g6 29. Rd1 Ke7 30. Rdd2 Ke8 31. Rd1 Kf8 32. Rdd2 Ke7 33. Rd1
c6 34. Rdd2 g5 35. hxg5 hxg5 36. Re5 Rh8 37. Rd1 g4 38. Re2 Rh2 39. c4 Rh5 40.
Rdd2 Kf8 41. Rd1 Kg7 42. Rdd2 Rd8 43. Rd1 Rg5 44. Bc2 Rh8 45. b3 Rh2 46. Rdd2
Rgh5 47. Rd1 Rg2 48. Rdd2 Rh1+ 49. Rd1 Rhh2 50. Rdd2 Rh8 51. Rd1 Rh5 52. Rdd2
Rhh2 53. Kb2 Nh5 54. Bd1 Kf6 55. Kc1 Ng7 56. Kc2 Nf5 57. Kd3 Rh8 58. Re4 Rd8
59. Bxg4 Nd6 60. Rf4+ Ke7 61. Bf3 Rh2 62. Rh4 Rxh4 63. gxh4 Nf5 64. Ke4 Nxh4
65. Rd1 Nf5 66. d5 Nd6+ 67. Kf4 c5 68. Ke3 Rh8 69. dxe6 fxe6 70. Rh1 Nf5+ 71.
Kd2 Rd8+ 72. Kc3 Nd4 73. Be4 Rf8 74. Rh7+ Kd6 75. Rh2 Rf4 76. Bd3 Rf3 77. Rh4
Rxf2 78. Rh8 Rf3 79. Rd8+ Kc7 80. Rh8 e5 81. Rh7+ Kd8 82. Rb7 e4 0-1

[Event "European Blitz Championship 2021"]
[Site "Katowice"]
[Date "2021.12.17"]
[Round "4.3"]
[White "Kovalenko, Igor"]
[Black "Jaskolka, Tomasz"]
[Result "1/2-1/2"]
[WhiteElo "2668"]
[BlackElo "2193"]
[Annotator "RC"]
[PlyCount "104"]
[EventDate "2021.12.17"]
[EventType "swiss"]
[EventCountry "POL"]
[SourceTitle "playchess.com"]
[Source "ChessBase"]
[SourceQuality "1"]

1. d4 e6 2. e4 d5 3. e5 c5 4. c3 Nc6 5. Nf3 Bd7 6. Be2 Nge7 7. Na3 Nf5 8. Nc2
cxd4 9. cxd4 Be7 10. O-O O-O 11. Bd2 Qb6 12. Bc3 Na5 13. Re1 Bb5 14. Qd2 Nc4
15. Qf4 Rac8 16. Bd1 a5 17. g4 Nh6 18. a4 Ba6 19. Ne3 f6 20. Nxc4 Bxc4 21. Qg3
Bd3 22. Re3 Be4 23. Nd2 f5 24. Nxe4 f4 25. Nf6+ Rxf6 26. Qh3 fxe3 27. exf6
exf2+ 28. Kxf2 Bxf6 29. Qd3 Nf7 30. Kg2 Nd6 31. Bf3 Ne4 32. Bxe4 dxe4 33. Qe3
e5 34. Rd1 exd4 35. Bxd4 Bxd4 36. Qxd4 Qxd4 37. Rxd4 Rc2+ 38. Kg3 Rxb2 39. Rxe4
Rb4 40. Re7 b6 41. Rb7 h6 42. h4 Rxa4 43. Rxb6 Ra1 44. Ra6 a4 45. g5 hxg5 46.
hxg5 Kf7 47. Kg2 a3 48. Kh2 Ke7 49. Ra7+ Kf8 50. g6 a2 51. Kg2 Ke8 52. Kh2 Kf8
1/2-1/2

[Event "European Blitz Championship 2021"]
[Site "Katowice"]
[Date "2021.12.17"]
[Round "4.4"]
[White "Keinanen, Toivo"]
[Black "Wikar, Martyna"]
[Result "1-0"]
[WhiteElo "2358"]
[BlackElo "2168"]
[Annotator "ChessBase"]
[PlyCount "67"]
[EventDate "2021.12.17"]
[EventType "swiss"]
[EventCountry "POL"]
[SourceTitle "playchess.com"]
[Source "ChessBase"]
[SourceQuality "1"]

1. d4 Nf6 2. Nf3 g6 3. Nbd2 Bg7 4. e4 d6 5. Bb5+ c6 6. Bd3 Nbd7 7. O-O Qc7 8.
Re1 e5 9. c3 O-O 10. a4 Re8 11. a5 Nf8 12. b3 Nh5 13. Ba3 Nf4 14. Bf1 c5 15.
dxc5 dxc5 16. Nc4 Bg4 17. Qd6 Rac8 18. Rad1 Bxf3 19. gxf3 N8e6 20. Qxc7 Rxc7
21. Nd6 Rd8 22. Nb5 Rcd7 23. Rxd7 Rxd7 24. Nxa7 Ng5 25. Be2 Ngh3+ 26. Kf1 Bf8
27. Bc1 c4 28. Rd1 Rxd1+ 29. Bxd1 Nd3 30. Be3 cxb3 31. Bxb3 Bc5 32. Bd5 Nhxf2
33. Bxc5 Nxc5 34. Kxf2 1-0

[Event "European Blitz Championship 2021"]
[Site "Katowice"]
[Date "2021.12.17"]
[Round "4.4"]
[White "Czernek, Tymon"]
[Black "Sumets, Andrey"]
[Result "0-1"]
[WhiteElo "2197"]
[BlackElo "2527"]
[Annotator "RC"]
[PlyCount "110"]
[EventDate "2021.12.17"]
[EventType "swiss"]
[EventCountry "POL"]
[SourceTitle "playchess.com"]
[Source "ChessBase"]
[SourceQuality "1"]

1. e4 e6 2. d4 d5 3. Nc3 Nf6 4. e5 Nfd7 5. f4 c5 6. Nf3 Nc6 7. Be3 Qb6 8. Qd2
Qxb2 9. Rb1 Qa3 10. Be2 a6 11. O-O cxd4 12. Nxd4 Nxd4 13. Bxd4 Bc5 14. f5 Bxd4+
15. Qxd4 Qc5 16. Qxc5 Nxc5 17. fxe6 Bxe6 18. Rfd1 Rd8 19. Bf3 d4 20. Ne2 Bxa2
21. Rb2 Bd5 22. Bxd5 Rxd5 23. Rxd4 Rxe5 24. c4 O-O 25. Nc3 Rc8 26. Nd5 Kf8 27.
Rb6 Rc6 28. Rxc6 bxc6 29. Nb4 Re4 30. Rd8+ Ke7 31. Nxc6+ Kf6 32. Rd6+ Re6 33.
Rxe6+ Kxe6 34. Kf2 Kd6 35. Nd4 Ke5 36. Ke3 f5 37. g3 g5 38. Nc6+ Kd6 39. Nd4
Ke5 40. Nc6+ Kf6 41. Kd4 Ne6+ 42. Kd5 f4 43. gxf4 gxf4 44. Ke4 Kg5 45. Kf3 Kf5
46. Ne7+ Kf6 47. Nc6 Kg5 48. h3 h6 49. Ne7 a5 50. Nd5 a4 51. Nc3 a3 52. Na2 Kf5
53. Nc3 Ng5+ 54. Kg2 f3+ 55. Kg3 Ne4+ 0-1

[Event "European Blitz Championship 2021"]
[Site "Katowice"]
[Date "2021.12.17"]
[Round "4.5"]
[White "Durarbayli, Vasif"]
[Black "Bednarski, Dawid"]
[Result "1-0"]
[WhiteElo "2629"]
[BlackElo "2008"]
[Annotator "RC"]
[PlyCount "61"]
[EventDate "2021.12.17"]
[EventType "swiss"]
[EventCountry "POL"]
[SourceTitle "playchess.com"]
[Source "ChessBase"]
[SourceQuality "1"]

1. e4 c5 2. b3 Nc6 3. Bb2 d6 4. Bb5 Bd7 5. f4 a6 6. Bxc6 Bxc6 7. Qe2 e6 8. Nf3
Nf6 9. Nc3 Be7 10. O-O-O b5 11. e5 Nd5 12. Nxd5 Bxd5 13. exd6 Qxd6 14. Bxg7 Rg8
15. Be5 Qb6 16. Rhe1 a5 17. f5 a4 18. fxe6 Bxe6 19. Qe4 Qa6 20. Qxh7 Rxg2 21.
Bb2 axb3 22. axb3 c4 23. Rg1 Rxg1 24. Rxg1 cxb3 25. Qd3 f6 26. Nd4 Bc4 27. Qe4
bxc2 28. Re1 Ra7 29. Nc6 Qb7 30. Nxa7 Qxa7 31. Bxf6 1-0

[Event "European Blitz Championship 2021"]
[Site "Katowice"]
[Date "2021.12.17"]
[Round "4.5"]
[White "Kaliszuk, Kamil"]
[Black "Diermair, Andreas"]
[Result "0-1"]
[WhiteElo "1830"]
[BlackElo "2357"]
[Annotator "ChessBase"]
[PlyCount "90"]
[EventDate "2021.12.17"]
[EventType "swiss"]
[EventCountry "POL"]
[SourceTitle "playchess.com"]
[Source "ChessBase"]
[SourceQuality "1"]

1. e4 e5 2. Nf3 Nc6 3. Bc4 Nf6 4. d3 Bc5 5. Nbd2 O-O 6. Nf1 d5 7. exd5 Nxd5 8.
Be3 Nxe3 9. Nxe3 Re8 10. Qe2 Nd4 11. Qd1 b5 12. Bd5 c6 13. Bb3 a5 14. c3 Nxb3
15. Qxb3 Bxe3 16. fxe3 Qxd3 17. Kf2 Be6 18. Qd1 Qf5 19. Kg1 Rad8 20. Qe1 Bd5
21. Qf2 Re6 22. Rd1 Rf6 23. Qe2 Re8 24. Nd2 e4 25. Nb3 Bc4 26. Qe1 a4 27. Nd4
Qg5 28. b3 Rf1+ 29. Qxf1 Bxf1 30. Kxf1 Qxe3 31. Ne2 a3 32. h4 h5 33. Rh3 Qc5
34. Nd4 e3 35. Ne2 Re6 36. Rf3 Qe5 37. Rd3 Rf6 38. Kg1 Rxf3 39. gxf3 Qf5 40.
Rxe3 Qb1+ 41. Kg2 Qxa2 42. c4 Qd2 43. Re8+ Kh7 44. Kg3 a2 45. Ra8 Qxe2 0-1

[Event "European Blitz Championship 2021"]
[Site "Katowice"]
[Date "2021.12.17"]
[Round "4.6"]
[White "Wisniewski, Adrian"]
[Black "Zychowski, Marek"]
[Result "1-0"]
[WhiteElo "2351"]
[BlackElo "1838"]
[Annotator "ChessBase"]
[PlyCount "122"]
[EventDate "2021.12.17"]
[EventType "swiss"]
[EventCountry "POL"]
[SourceTitle "playchess.com"]
[Source "ChessBase"]
[SourceQuality "1"]

1. Nf3 d6 2. d4 g6 3. c4 Nf6 4. Nc3 Bg7 5. g3 O-O 6. Bg2 a6 7. O-O c6 8. e4 Re8
9. h3 b5 10. e5 dxe5 11. Nxe5 Ra7 12. Nxc6 Nxc6 13. Bxc6 Bd7 14. cxb5 axb5 15.
Bg2 Qc8 16. Kh2 Rd8 17. Qe2 Bc6 18. Bxc6 Qxc6 19. Qxb5 Qd6 20. Be3 e6 21. Qe2
Rb7 22. b3 Rc8 23. Na4 Nd5 24. Rac1 Ra8 25. Nc5 Rbb8 26. a4 h5 27. h4 Bf6 28.
Ne4 Qd8 29. Nxf6+ Qxf6 30. Qd1 Rb7 31. Rc5 Rab8 32. Qc2 Rxb3 33. Rc8+ Kg7 34.
Rxb8 Rxb8 35. Ra1 Qf3 36. Qd2 Nf6 37. Bf4 Ng4+ 38. Kg1 Rb7 39. a5 Rd7 40. a6
Qa8 41. Qe2 Kh7 42. a7 Rxa7 43. Rxa7 Qxa7 44. f3 Nf6 45. Be5 Nd5 46. Qd2 Qa1+
47. Kg2 Qa3 48. g4 hxg4 49. fxg4 Ne3+ 50. Kh1 Nxg4 51. Qf4 Qa1+ 52. Kg2 Nh6 53.
Bf6 Qb2+ 54. Kf3 Qc3+ 55. Ke4 Qc6+ 56. Kd3 Nf5 57. h5 gxh5 58. Qg5 Qf3+ 59. Kc4
Qd5+ 60. Kd3 Qf3+ 61. Kc4 Qd5+ 1-0

[Event "European Blitz Championship 2021"]
[Site "Katowice"]
[Date "2021.12.17"]
[Round "4.6"]
[White "Tarczykowski, Janusz"]
[Black "Motylev, Alexander"]
[Result "0-1"]
[WhiteElo "2048"]
[BlackElo "2633"]
[Annotator "RC"]
[PlyCount "60"]
[EventDate "2021.12.17"]
[EventType "swiss"]
[EventCountry "POL"]
[SourceTitle "playchess.com"]
[Source "ChessBase"]
[SourceQuality "1"]

1. d4 Nf6 2. c4 e6 3. g3 d5 4. Nf3 Be7 5. Bg2 O-O 6. O-O c6 7. Qc2 b6 8. b3
Nbd7 9. Nc3 Ba6 10. Nd2 b5 11. e4 dxc4 12. bxc4 e5 13. d5 bxc4 14. dxc6 Nc5 15.
Ba3 Qa5 16. Bxc5 Bxc5 17. Nd5 Rac8 18. Nxf6+ gxf6 19. Nxc4 Qb4 20. Rfc1 Rxc6
21. Rab1 Qxc4 22. Qxc4 Bxc4 23. Rxc4 Bxf2+ 24. Kxf2 Rxc4 25. Bf3 Rc2+ 26. Ke1
Rxa2 27. h4 Rc8 28. Bg4 Rc3 29. Rb8+ Kg7 30. Rb7 Rxg3 0-1

[Event "European Blitz Championship 2021"]
[Site "Katowice"]
[Date "2021.12.17"]
[Round "4.7"]
[White "Stefansson, Hannes"]
[Black "Paprocki, Jaroslaw"]
[Result "1-0"]
[WhiteElo "2519"]
[BlackElo "2165"]
[Annotator "RC"]
[PlyCount "99"]
[EventDate "2021.12.17"]
[EventType "swiss"]
[EventCountry "POL"]
[SourceTitle "playchess.com"]
[Source "ChessBase"]
[SourceQuality "1"]

1. e4 e5 2. Nf3 Nc6 3. Bb5 Nf6 4. O-O Nxe4 5. d4 Nd6 6. Bxc6 dxc6 7. dxe5 Nf5
8. Qxd8+ Kxd8 9. h3 h5 10. Nc3 Be6 11. b3 Ke8 12. Ne2 Bd5 13. Ng5 c5 14. Nf4
Bc6 15. Bb2 Be7 16. Nf3 Bxf3 17. gxf3 c6 18. Kh2 Rd8 19. Nd3 Nd4 20. Bxd4 cxd4
21. f4 g6 22. Kg3 Rd5 23. Kf3 Kd7 24. Rae1 Ke6 25. Ke4 f5+ 26. Kf3 h4 27. Rg1
Rh6 28. Rg2 Kf7 29. e6+ Kf6 30. Ne5 Rd6 31. Nd7+ Kg7 32. Re5 Rh8 33. Rxf5 Rxe6
34. Re5 Rxe5 35. Nxe5 Rh6 36. f5 g5 37. Ke4 Rd6 38. f4 d3 39. cxd3 c5 40. Nf3
Kf8 41. fxg5 Ra6 42. f6 Bxf6 43. gxf6 Rxf6 44. Ne5 Ra6 45. Kd5 Ra5 46. Nc4 Ra6
47. a4 Rf6 48. Ne5 Rf5 49. Ke6 Rf1 50. Nd7+ 1-0

[Event "European Blitz Championship 2021"]
[Site "Katowice"]
[Date "2021.12.17"]
[Round "4.7"]
[White "Koubova, Anna Marie"]
[Black "Kosakowski, Jakub"]
[Result "0-1"]
[WhiteElo "2130"]
[BlackElo "2340"]
[Annotator "NA"]
[PlyCount "62"]
[EventDate "2021.12.17"]
[EventType "swiss"]
[EventCountry "POL"]
[SourceTitle "playchess.com"]
[Source "ChessBase"]
[SourceQuality "1"]

1. d4 Nf6 2. c4 e6 3. Nf3 d5 4. g3 Bb4+ 5. Bd2 Be7 6. Bg2 O-O 7. O-O c6 8. Qc2
a5 9. Bf4 b6 10. Nbd2 Bb7 11. e4 Na6 12. a3 Rc8 13. Rfe1 Re8 14. Rac1 h6 15.
Qb3 dxe4 16. Nxe4 Nxe4 17. Rxe4 c5 18. Ree1 cxd4 19. Qd3 Nc5 20. Qxd4 Qxd4 21.
Nxd4 Bxg2 22. Kxg2 Nd3 23. Red1 Nxc1 24. Rxc1 Red8 25. Nb5 a4 26. Be3 Bc5 27.
Na7 Bxe3 28. fxe3 Rd2+ 29. Kf3 Rc5 30. Nb5 Rxb2 31. Nc3 Rxc4 0-1

[Event "European Blitz Championship 2021"]
[Site "Katowice"]
[Date "2021.12.17"]
[Round "4.8"]
[White "Piesik, Piotr"]
[Black "Smolik, Jachym"]
[Result "1/2-1/2"]
[WhiteElo "2336"]
[BlackElo "2225"]
[Annotator "NA"]
[PlyCount "123"]
[EventDate "2021.12.17"]
[EventType "swiss"]
[EventCountry "POL"]
[SourceTitle "playchess.com"]
[Source "ChessBase"]
[SourceQuality "1"]

1. Nf3 d5 2. g3 Nf6 3. Bg2 e6 4. O-O b5 5. d3 Bb7 6. Nbd2 c5 7. e4 d4 8. a4 a6
9. Qe2 Nfd7 10. c3 dxc3 11. bxc3 Nb6 12. axb5 axb5 13. Rxa8 Bxa8 14. d4 c4 15.
Ne5 N8d7 16. f4 Be7 17. Ndf3 f6 18. Nxd7 Qxd7 19. f5 exf5 20. exf5 Nd5 21. Bd2
O-O 22. g4 Re8 23. Re1 Nc7 24. Bf4 Bd6 25. Qd2 Rxe1+ 26. Nxe1 Bxg2 27. Nxg2 Nd5
28. Bxd6 Qxd6 29. Qe1 Qd7 30. Kf2 Kf7 31. Qd2 Qd6 32. Kg1 Qa3 33. Qe1 Qe7 34.
Qa1 g6 35. Qc1 g5 36. h4 h6 37. hxg5 hxg5 38. Qc2 b4 39. cxb4 Qxb4 40. Qe4 Qd6
41. Ne1 Qg3+ 42. Kf1 Ne3+ 43. Ke2 Nxg4 44. Qe6+ Kg7 45. Qe7+ Kh6 46. Qf8+ Kh5
47. Qf7+ Kh4 48. Qh7+ Nh6 49. Qxh6+ Kg4 50. Qxf6 Qh2+ 51. Kd1 c3 52. Nf3 Kxf3
53. Qc6+ Kg4 54. Qxc3 Qg1+ 55. Kc2 Qf2+ 56. Kb3 Kxf5 57. Qc5+ Kg4 58. Qc8+ Kh4
59. Qh8+ Kg4 60. Qc8+ Kh4 61. Qh8+ Kg4 62. Qc8+ 1/2-1/2

[Event "European Blitz Championship 2021"]
[Site "Katowice"]
[Date "2021.12.17"]
[Round "4.8"]
[White "Dzierzak, Radoslaw"]
[Black "Demchenko, Anton"]
[Result "0-1"]
[WhiteElo "2264"]
[BlackElo "2655"]
[Annotator "RC"]
[PlyCount "68"]
[EventDate "2021.12.17"]
[EventType "swiss"]
[EventCountry "POL"]
[SourceTitle "playchess.com"]
[Source "ChessBase"]
[SourceQuality "1"]

1. e4 e5 2. Nf3 Nc6 3. Bc4 Nf6 4. d3 h6 5. O-O d6 6. a4 g6 7. Re1 Bg7 8. c3 O-O
9. Na3 d5 10. exd5 Nxd5 11. Ba2 Re8 12. Qb3 Be6 13. Qxb7 Na5 14. Qa6 c6 15. d4
exd4 16. Nxd4 Bxd4 17. cxd4 Nb4 18. Qf1 Nxa2 19. Bxh6 Nb4 20. Bd2 Rb8 21. d5
Nxd5 22. Rad1 Nb3 23. Bc3 Qh4 24. Be5 Rbd8 25. f3 Qxa4 26. Re4 Qa5 27. Rh4 f6
28. Qd3 Bf5 29. Qxb3 fxe5 30. Qb7 Qb6+ 31. Qxb6 axb6 32. Rc4 c5 33. Kf2 Nb4 34.
Rxd8 Rxd8 0-1

[Event "European Blitz Championship 2021"]
[Site "Katowice"]
[Date "2021.12.17"]
[Round "4.9"]
[White "Laurusas, Tomas"]
[Black "Stanisz, Patryk"]
[Result "1-0"]
[WhiteElo "2553"]
[BlackElo "2158"]
[Annotator "RC"]
[PlyCount "59"]
[EventDate "2021.12.17"]
[EventType "swiss"]
[EventCountry "POL"]
[SourceTitle "playchess.com"]
[Source "ChessBase"]
[SourceQuality "1"]

1. d4 d5 2. c4 c6 3. Nf3 Nf6 4. Nc3 e6 5. e3 Nbd7 6. Be2 dxc4 7. a4 a5 8. O-O
Bd6 9. Nd2 e5 10. Nxc4 Bc7 11. b3 exd4 12. Qxd4 O-O 13. Ba3 Re8 14. Rfd1 c5 15.
Bxc5 Nxc5 16. Qxc5 Bd7 17. Nb5 Rc8 18. Nxc7 Rxc7 19. Qxa5 Qc8 20. Nd6 Qb8 21.
Nxe8 Bxe8 22. Rac1 Bc6 23. Bf3 h5 24. h3 Bxf3 25. gxf3 Rxc1 26. Rxc1 Qd6 27.
Qf5 g6 28. Qf4 Qe6 29. Kg2 Nd5 30. Qe4 1-0

[Event "European Blitz Championship 2021"]
[Site "Katowice"]
[Date "2021.12.17"]
[Round "4.9"]
[White "Rudnik, Anna"]
[Black "Brodowski, Piotr"]
[Result "0-1"]
[WhiteElo "1829"]
[BlackElo "2335"]
[Annotator "ChessBase"]
[PlyCount "64"]
[EventDate "2021.12.17"]
[EventType "swiss"]
[EventCountry "POL"]
[SourceTitle "playchess.com"]
[Source "ChessBase"]
[SourceQuality "1"]

1. e4 d6 2. d4 g6 3. f4 Bg7 4. c3 Nf6 5. e5 dxe5 6. fxe5 Nd5 7. Be2 O-O 8. Nf3
c5 9. O-O cxd4 10. cxd4 Nc6 11. Nc3 Bg4 12. Bg5 h6 13. Bh4 Nf4 14. Bf2 Rc8 15.
Qd2 Nxe2+ 16. Qxe2 Bxf3 17. Qxf3 Nxd4 18. Qxb7 Nc6 19. e6 fxe6 20. Qb3 Nd4 21.
Qb7 Qc7 22. Qe4 Nf5 23. Qxe6+ Kh7 24. Nd5 Qb7 25. Nf4 Rf6 26. Qb3 Qe4 27. Nd5
Rd6 28. Nc3 Qg4 29. Rae1 Rd2 30. Ne4 Rxb2 31. Qe6 Ne3 32. g3 Qxe6 0-1

[Event "European Blitz Championship 2021"]
[Site "Katowice"]
[Date "2021.12.17"]
[Round "4.10"]
[White "Ortega Ruiz, Jose Miguel"]
[Black "Cyboran, Katarzyna"]
[Result "1-0"]
[WhiteElo "2317"]
[BlackElo "1771"]
[Annotator "ChessBase"]
[PlyCount "113"]
[EventDate "2021.12.17"]
[EventType "swiss"]
[EventCountry "POL"]
[SourceTitle "playchess.com"]
[Source "ChessBase"]
[SourceQuality "1"]

1. d4 e6 2. g3 f5 3. Bg2 Nf6 4. Nf3 d5 5. O-O Bd6 6. c4 c6 7. b3 O-O 8. Ba3
Bxa3 9. Nxa3 Nbd7 10. b4 Ne4 11. Qb3 Ndf6 12. Rad1 b6 13. Ne5 Bb7 14. f3 Nd6
15. c5 Nf7 16. e4 Qc7 17. exd5 exd5 18. Rfe1 Rfe8 19. f4 Ne4 20. Bxe4 fxe4 21.
Nc2 a5 22. cxb6 Qxb6 23. a3 Nxe5 24. fxe5 Rxe5 25. Ne3 Re7 26. Qc3 axb4 27.
axb4 Ra4 28. Rb1 Re8 29. Rf1 Rea8 30. Nf5 Qc7 31. Qe3 g6 32. Nh6+ Kh8 33. Nf7+
Kg8 34. Qg5 Rf8 35. Nh6+ Kg7 36. Rxf8 Kxf8 37. Rf1+ Ke8 38. Qf6 Qe7 39. Qh8+
Kd7 40. Rf7 Ra1+ 41. Kg2 Ra2+ 42. Kh3 Ba6 43. Rxe7+ Kxe7 44. Qxh7+ Kd8 45. Qg8+
Kc7 46. Qxg6 Bc8+ 47. g4 Ra3+ 48. Kh4 Ra2 49. Qf7+ Kb6 50. Kg5 Rxh2 51. Qe7 Ba6
52. Qc5+ Kb7 53. Nf5 Rh3 54. Nd6+ Kb8 55. Qb6+ Ka8 56. Qxa6+ Kb8 57. Qb7# 1-0

[Event "European Blitz Championship 2021"]
[Site "Katowice"]
[Date "2021.12.17"]
[Round "4.10"]
[White "Bognar, Csaba"]
[Black "Pakleza, Zbigniew"]
[Result "0-1"]
[WhiteElo "2135"]
[BlackElo "2496"]
[Annotator "RC"]
[PlyCount "32"]
[EventDate "2021.12.17"]
[EventType "swiss"]
[EventCountry "POL"]
[SourceTitle "playchess.com"]
[Source "ChessBase"]
[SourceQuality "1"]

1. d4 d6 2. c4 e5 3. e4 exd4 4. Qxd4 Nc6 5. Qd1 g6 6. Bd3 Bg7 7. Ne2 Nf6 8. O-O
O-O 9. Nbc3 Ne5 10. f4 Nxd3 11. Qxd3 Re8 12. Ng3 b6 13. f5 Ng4 14. fxg6 hxg6
15. Qd5 Be6 16. Qd1 Qh4 0-1

[Event "European Blitz Championship 2021"]
[Site "Katowice"]
[Date "2021.12.17"]
[Round "4.11"]
[White "Schneider, Ilja"]
[Black "Kiolbasa, Damian"]
[Result "1-0"]
[WhiteElo "2486"]
[BlackElo "1965"]
[Annotator "RC"]
[PlyCount "69"]
[EventDate "2021.12.17"]
[EventType "swiss"]
[EventCountry "POL"]
[SourceTitle "playchess.com"]
[Source "ChessBase"]
[SourceQuality "1"]

1. e4 e6 2. d4 d5 3. Bd3 dxe4 4. Bxe4 Nf6 5. Bf3 c5 6. Ne2 Nc6 7. Be3 cxd4 8.
Nxd4 Nxd4 9. Qxd4 Qxd4 10. Bxd4 Be7 11. Nc3 O-O 12. O-O-O a5 13. a4 Nd7 14. Nb5
Ra6 15. Rhe1 e5 16. Bxe5 Nxe5 17. Rxe5 Bf6 18. Rc5 Rb6 19. Nc3 g6 20. Rb5 Rxb5
21. Nxb5 b6 22. Rd6 Bg5+ 23. Kb1 Re8 24. Ka2 Kg7 25. Rxb6 Re1 26. Nc3 Be6+ 27.
Bd5 Bf5 28. Rb7 Bxc2 29. Rxf7+ Kh6 30. f4 Bd8 31. g4 g5 32. f5 Rg1 33. Rd7 Bb6
34. Rd6+ Kg7 35. Rxb6 1-0

[Event "European Blitz Championship 2021"]
[Site "Katowice"]
[Date "2021.12.17"]
[Round "4.11"]
[White "Balacek, Tadeas"]
[Black "Poplawski, Maciej"]
[Result "1-0"]
[WhiteElo "2312"]
[BlackElo "1949"]
[Annotator "NA"]
[PlyCount "58"]
[EventDate "2021.12.17"]
[EventType "swiss"]
[EventCountry "POL"]
[SourceTitle "playchess.com"]
[Source "ChessBase"]
[SourceQuality "1"]

1. g3 c6 2. Bg2 d5 3. Nf3 Nf6 4. d4 Bf5 5. c4 e6 6. Nc3 Bd6 7. Nh4 Bg6 8. Nxg6
hxg6 9. Qb3 Qb6 10. c5 Qxb3 11. axb3 Bc7 12. b4 Nbd7 13. b5 O-O 14. O-O e5 15.
e3 Ng4 16. Bd2 Nh6 17. Bh3 Nf5 18. Ra4 cxb5 19. Nxb5 Bb8 20. Nc3 Nf6 21. Bg2
Rd8 22. Rd1 a6 23. Be1 e4 24. b4 Bc7 25. Rda1 Rab8 26. b5 axb5 27. Nxb5 Rdc8
28. Rb1 b6 29. Nxc7 Rxc7 1-0

[Event "European Blitz Championship 2021"]
[Site "Katowice"]
[Date "2021.12.17"]
[Round "4.12"]
[White "Jagodzinski, Piotr"]
[Black "Dylag, Emilia"]
[Result "1/2-1/2"]
[WhiteElo "2298"]
[BlackElo "2008"]
[Annotator "NA"]
[PlyCount "112"]
[EventDate "2021.12.17"]
[EventType "swiss"]
[EventCountry "POL"]
[SourceTitle "playchess.com"]
[Source "ChessBase"]
[SourceQuality "1"]

1. Nf3 Nf6 2. b3 e6 3. Bb2 d5 4. e3 c5 5. d4 Nc6 6. Bd3 cxd4 7. exd4 Be7 8. O-O
O-O 9. c3 b6 10. Re1 Bb7 11. Nbd2 Bd6 12. Nf1 Rc8 13. Ng3 Ne7 14. Rc1 Ng6 15.
Ne5 Bxe5 16. dxe5 Nd7 17. c4 dxc4 18. Bxc4 Nc5 19. Qg4 Qh4 20. Qxh4 Nxh4 21. f3
Rfd8 22. Rcd1 g6 23. Kf2 a6 24. a4 b5 25. axb5 axb5 26. Bxb5 Nxb3 27. Rxd8+
Rxd8 28. Ba3 Rd2+ 29. Re2 Rxe2+ 30. Nxe2 Nf5 31. Bb2 Bd5 32. Bd3 Nc5 33. Bc2
Nb7 34. Nf4 Bc4 35. g4 Ne7 36. Ba3 Nd5 37. Nxd5 Bxd5 38. Bb4 Nd8 39. Ke3 Nc6
40. Bc3 g5 41. h3 h6 42. Bd3 Kg7 43. Bc2 Bc4 44. Be4 Ne7 45. Kf2 Bd5 46. Bd3
Nc6 47. Bc2 Nd8 48. Kg3 Nb7 49. Bb4 Nd8 50. f4 Nc6 51. Bc3 gxf4+ 52. Kxf4 Bg2
53. h4 Bd5 54. Bd3 Ne7 55. Bb4 Ng6+ 56. Bxg6 fxg6 1/2-1/2

[Event "European Blitz Championship 2021"]
[Site "Katowice"]
[Date "2021.12.17"]
[Round "4.12"]
[White "Zgadzaj, Rafal"]
[Black "Tazbir, Marcin"]
[Result "0-1"]
[WhiteElo "2087"]
[BlackElo "2508"]
[Annotator "RC"]
[PlyCount "64"]
[EventDate "2021.12.17"]
[EventType "swiss"]
[EventCountry "POL"]
[SourceTitle "playchess.com"]
[Source "ChessBase"]
[SourceQuality "1"]

1. c4 e5 2. Nc3 Bb4 3. g3 Bxc3 4. bxc3 d6 5. Bg2 f5 6. Nf3 Nf6 7. c5 e4 8. Nd4
dxc5 9. Nb3 Qe7 10. O-O O-O 11. Ba3 b6 12. d3 Rd8 13. Qc2 Qe8 14. Rfd1 Bb7 15.
Rab1 Nbd7 16. d4 c4 17. Nd2 Bd5 18. e3 c6 19. Bf1 Qe6 20. Qa4 b5 21. Qa5 g5 22.
Bc1 f4 23. a4 a6 24. exf4 e3 25. Nf3 exf2+ 26. Kxf2 Ng4+ 27. Kg2 Ne3+ 28. Bxe3
Qxe3 29. Qc7 Bxf3+ 30. Kh3 g4+ 31. Kh4 Qe7+ 32. Kh5 Nf6+ 0-1

[Event "European Blitz Championship 2021"]
[Site "Katowice"]
[Date "2021.12.17"]
[Round "4.13"]
[White "Janik, Igor"]
[Black "Povilaitis, Tomas"]
[Result "1-0"]
[WhiteElo "2508"]
[BlackElo "2101"]
[Annotator "RC"]
[PlyCount "93"]
[EventDate "2021.12.17"]
[EventType "swiss"]
[EventCountry "POL"]
[SourceTitle "playchess.com"]
[Source "ChessBase"]
[SourceQuality "1"]

1. e4 c5 2. Nf3 Nc6 3. Bb5 d6 4. O-O Bd7 5. c3 a6 6. Ba4 b5 7. Bc2 c4 8. b3 g6
9. Qe2 Na5 10. e5 d5 11. d4 cxd3 12. Bxd3 Bg7 13. Bf4 e6 14. Nbd2 Ne7 15. h4
Rc8 16. Rac1 h6 17. Nd4 Nac6 18. N2f3 Nxd4 19. cxd4 O-O 20. Qd2 Kh7 21. h5 Nf5
22. Rxc8 Bxc8 23. g4 Nh4 24. Nxh4 Qxh4 25. f3 Bd7 26. Kg2 f5 27. hxg6+ Kxg6 28.
Rh1 Qe7 29. Bxh6 Rh8 30. Bxg7 Rxh1 31. Kxh1 Qxg7 32. gxf5+ Kf7 33. fxe6+ Bxe6
34. Qf4+ Ke8 35. Kh2 Qh8+ 36. Kg2 Bh3+ 37. Kf2 Qg7 38. Qg3 Qh6 39. Qg6+ Qxg6
40. Bxg6+ Ke7 41. b4 Be6 42. f4 Bg4 43. Kg3 Bd1 44. f5 Kf8 45. f6 Be2 46. Kf4
Bd1 47. e6 1-0